| 000 | 01155nam a22002057a 4500 | ||
|---|---|---|---|
| 003 | JO-AjAnu | ||
| 005 | 20240605110708.0 | ||
| 008 | 240331b jo ||||| |||| 00| 0 ara d | ||
| 040 |
_aJO-AjAnu _cJO-AjAnu |
||
| 041 | 0 | _aara | |
| 050 |
_aBF567 _b2023 |
||
| 100 | 1 |
_aبني مفرج، تسنيم محمد محمود _965183 _eمعد |
|
| 245 | 2 | 1 |
_aالذكاء الانفعالي وعلاقته بالرضا الوظيفي لدى معلمي الطلبة ذوي صعوبات التعلم في محافظة اربد = Emotional Intelligence of Teachers of Sudents with Learning Disabilities and its Relationship to Job Satisfaction in irbid Governorate / _cاعداد تسنيم محمد محمود بني مفرج ؛ اشراف فيصل عيسى نواصرة |
| 260 | _c2023 | ||
| 300 | _a104ورقة | ||
| 500 | _aرسالة جامعية( ماجستير).- جامعة عجلون الوطنية (عجلون، الأردن) ، كليةالعلوم التربوية، قسم صعوبات التعلم ، 2023. | ||
| 650 | 7 | 0 |
_aالذكاء الانفعالي _965184 |
| 700 | 1 |
_aنواصرة، فيصل عيسى _965185 _eمشرف |
|
| 942 |
_2lcc _cTHS _n0 |
||
| 999 |
_c33374 _d33374 |
||